000 00671cam a2200217 a 4500
001 000001866
005 20200929145733.0
008 780116r19451973fr 000 f fre
040 _aDO-SdBNP
_dBNPHU
082 _a843.912
_bV131D
100 1 _aVailland, Roger,
_d1907-1965
_96088
245 1 0 _aDrôle de jeu :
_bRoman /
_cRoger Vailland.
260 _aLevallois-Perret, Francia :
_bBuchet-Chastel,
_c1945.
300 _a433 p. ;
_c17 cm.
490 1 _aLe Livre de poche
490 1 _aTexte intégral
650 4 _aNovela francesa
_91075
650 4 _aLieratura francesa
_96089
830 0 _aLe Livre de poche,
_pTexte intégral
_96090
910 _aCatalogación derivada
999 _c1743
_d1743